Statistiche per Paesi che contengono una lettera - W

Clicka qui per fare il quiz!

Statistiche generali

  • Questo quiz è stato fatto 47 volte
  • Il punteggio medio è 4 su 6

Statistiche sulle risposte

CategoriaPaese% Corretto
1 x WSwaziland
85%
1 x WMalawi
63%
1 x WZimbabwe
58%
1 x WKuwait
50%
1 x WTaiwan
50%
1 x WBotswana
48%

Distribuzione punteggi

Percentile per numero di risposta

Percentuale di utenti per punteggio

I tuoi punteggi nel tempo

Non hai fatto questo quiz